| 000 | 00499nam a22001697a 4500 | ||
|---|---|---|---|
| 008 | 230628b |||||||| |||| 00| 0 eng d | ||
| 040 |
_aNational Science Library _cNational Science Library |
||
| 080 |
_a82-32MOH _bQ8,1 |
||
| 100 | _aMohanty, Bimalendu | ||
| 245 | _aउत्कल गौरव मधुसूदन | ||
| 246 | _aUtkal Gourav Madhusudan | ||
| 260 |
_aOdisha: _bVishwamukti, _c2018 |
||
| 300 | _a112p. | ||
| 650 | _aBiography | ||
| 653 | _aLiterature | ||
| 942 |
_2udc _cHBK |
||
| 999 |
_c48101 _d48101 |
||